| 000 | 00682nmm a2200229uu 4500 | ||
|---|---|---|---|
| 001 | 18283 | ||
| 003 | arbaides | ||
| 005 | 20191213194224.0 | ||
| 008 | 150909 f d spa d | ||
| 041 | 0 | _aeng | |
| 044 | _abl | ||
| 100 | 1 |
_aPeirano, Mariza G. S. _96380 |
|
| 245 | 1 | 0 | _aWhere is anthropology? |
| 260 |
_aBrasília : _bUniversidade de Brasília. Departamento de Antropologia, _c1997. |
||
| 300 | _a35 p. | ||
| 336 |
_aTexto _btxt _2rdacontent |
||
| 337 |
_acomputadora _bc _2rdamedia |
||
| 338 |
_aRecurso en línea _bcr _2rdacarrier |
||
| 490 | 0 |
_aSérie Antropologia / Universidade de Brasília ; _v229 |
|
| 650 | 4 |
_aANTROPOLOGIA _9193 |
|
| 942 | _cELECTRONIC | ||
| 999 |
_c8005 _d8005 |
||